Statistics for Most Densely Populated Countries in the EU Quiz

Click here to take the quiz!

General Stats

  • This quiz has been taken 665 times
    (664 since last reset)
  • The average score is 8 of 10

Answer Stats

DensityAnswer% Correct
230Germany
93%
397Netherlands
92%
252United Kingdom
92%
352Belgium
90%
200Italy
89%
190Luxembourg
83%
128Denmark
79%
122Poland
79%
1306Malta
70%
133Czech Republic
60%

Score Distribution

Percentile by Number Answered

Percent of People with Each Score

Your Score History

You have not taken this quiz since the last reset